Guess the lyrics (#76) - Statistics

General Stats
  • This quiz has been taken 79 times
  • The average score is 39 of 80
Answer Stats
Answer % Correct
I
99%
I
99%
you
90%
you?
90%
you?
90%
You
90%
You
90%
the
87%
the
87%
the
87%
me,
78%
me?
78%
me
78%
me?
78%
me
78%
Your
74%
can
72%
on,
72%
go
69%
my
66%
my
66%
my
66%
to
65%
why
65%
why
65%
why
65%
I'm
63%
no
62%
of
57%
of
57%
of
57%
of
57%
with
56%
that
53%
that
53%
can't
51%
How
51%
so
51%
so
51%
not
47%
not
47%
not
47%
All
46%
all
46%
all
46%
all
46%
see
44%
heart,
43%
without
41%
without
41%
I'll
40%
them
38%
them
38%
take
37%
Take
37%
Take
37%
take
37%
take
37%
take
37%
was
32%
want
29%
never
22%
good
21%
Baby
16%
Baby,
16%
took
13%
took
13%
eyes
12%
left
12%
once
10%
use
10%
cry
9%
rest?
9%
arms
7%
best,
7%
dear,
7%
part
7%
lips
6%
lose
6%
goodbye
3%
No matching quizzes found
Score Distribution
Percent of People with Each Score
Percentile by Number Answered
Your Score History
You have not taken this quiz